Intelligent control systems : theory and applications

Αποθηκεύτηκε σε:
Λεπτομέρειες βιβλιογραφικής εγγραφής
Συγγραφή απο Οργανισμό/Αρχή: IEEE Neural Networks Council
Άλλοι συγγραφείς: Gupta, Madan M. (Επιμελητής έκδοσης), Sinha, N. K. (Naresh Kumar), 1927- (Επιμελητής έκδοσης)
Μορφή: Βιβλίο
Γλώσσα:English
Δημοσίευση: Piscataway, New Jersey : IEEE Press, c1996.
Θέματα:
Ετικέτες: Προσθήκη ετικέτας
Δεν υπάρχουν, Καταχωρήστε ετικέτα πρώτοι!

MARC

LEADER 00000cam a2200000 i 4500
001 1/36278
008 970127s1996####nju| ||| |||| ||eng||
020 |a 0780310632 
035 |a 1994  |c ΔΑΡΖΕΝΤΑΣ  |l 10040197 
040 |a GR-MyUA  |b gre  |e AACR2 
041 0 |a eng 
082 0 |a 629.8  
245 1 0 |a Intelligent control systems :   |b theory and applications /   |c edited by Madam M. Gupta, Naresh K. Sinha.  
260 |a Piscataway, New Jersey :   |b IEEE Press,   |c c1996.  
300 |a 820 σ. ;   |c 26 εκ.  
504 |a Περιέχει βιβλιογραφικές αναφορές και ευρετήριο.  
650 0 0 |a Intelligent control systems. 
700 1 |a Gupta, Madan M.  |e edt 
700 1 |a Sinha, N. K.   |q (Naresh Kumar),   |d 1927-  |e edt 
710 2 |a IEEE Neural Networks Council. 
852 |a INST  |b SAMOS  |e 19970127  |h 629.8 INT  |p 005300009208  |q 005300009208  |t BK  |y 0 
901 |a BIBL-1997-1 
909 |a Σ  |b 049020